000 00205nam a22000977a 4500
003 OSt
008 200923b ||||| |||| 00| 0 eng d
100 _aChandrasekharan
_94772
245 _aBiology
942 _cBK
999 _c16349
_d16349